000 00593nam a2200205Ia 4500
005 20250508163359.0
008 008 250505s9999 xx 000 0 eng d
037 _aTextual
040 _aFEDL
_beng
_cFEDL
041 _aeng
_2eng
084 _a370.1, NCE
_qFEDL
100 _aDube S.C.
245 0 _aMan, society and education
260 _aNew Delhi, India
_bNational Council of Educational Research and Training
_c1977
300 _a22p.
490 _aNIE Lecture Series
650 _aEducation-Philosophy
942 _cTEXL
_h370.1, NCE
999 _c1382689
_d1382689